000 00298nam a22001337a 4500
008 180125b xxu||||| |||| 00| 0 eng d
020 _a9780871065162
041 _aeng
080 _a91
100 _a42
101 _agje
245 _afundamnetals kayak navigation
_cdacvid.b
942 _2udc
_cBK
999 _c40969
_d40969